[Event "FSIMA December"]
[Site "Budapest HUN"]
[Date "2000.12.13"]
[Round "11"]
[White "Xu Hanbing"]
[Black "Vadasz,L"]
[Result "1-0"]
[WhiteElo "2328"]
[BlackElo "2301"]

1.d4 Nf6 2.c4 e6 3.Nc3 Bb4 4.Qc2 O-O 5.Bg5 d6 6.e3 Nbd7 7.Ne2 b6 8.a3 Bxc3+
9.Nxc3 c5 10.dxc5 bxc5 11.O-O-O Qb6 12.f3 Rb8 13.Bf4 Ne5 14.Nb5 Rd8 15.Nxd6 Ng6
16.Nxc8 Rxd1+ 17.Kxd1 Rxc8 18.Bg3 e5 19.Be2 e4 20.f4 Ne7 21.Kc1 Nf5 22.Bf2 h5
23.h3 h4 24.Bg4 Nxg4 25.hxg4 Nd6 26.b3 a5 27.a4 Ne8 28.Bxh4 Nc7 29.Rd1 Na6
30.Be1 Nb4 31.Bxb4 Qxb4 32.Kb2 Rb8 33.g5 Qb6 34.Rd5 f6 35.gxf6 Qxf6+ 36.Ka2  1-0

[Event "2nd Open"]
[Site "Salou ESP"]
[Date "2000.12.14"]
[Round "3"]
[White "Pogorelov,R"]
[Black "Kolev,At"]
[Result "1/2-1/2"]
[WhiteElo "2445"]
[BlackElo "2582"]

1.d4 Nf6 2.c4 e6 3.Nc3 Bb4 4.Qc2 O-O 5.a3 Bxc3+ 6.Qxc3 b6 7.Bg5 Bb7 8.f3 h6
9.Bh4 d5 10.e3 Nbd7 11.cxd5 Nxd5 12.Bxd8 Nxc3 13.Bh4 Nd5 14.Bf2 c5 15.Bb5 Rfd8
16.e4 Ne7 17.Ne2 cxd4 18.Nxd4 a6 19.Bxd7 Rxd7 20.O-O-O Rad8 21.Nb3 Nc8 22.Rxd7 Rxd7
23.Rd1 Rxd1+ 24.Kxd1 f5 25.Nd2 Kf7 26.Ke2 fxe4 27.Nxe4 Bxe4 28.fxe4 e5 29.Kd3 Ke6
30.a4 h5 31.Be3 Kd6 32.Bd2 Ke6 33.Bb4 Nd6 34.Bxd6 Kxd6 35.Kc4 Kc6 36.h4 Kd6
37.Kb4 Kc6 38.a5 b5 39.Kc3 Kc5 40.b4+ Kd6 41.g3  1/2-1/2

[Event "Abel Cardona Open"]
[Site "Cali COL"]
[Date "2000.12.16"]
[Round "1"]
[White "Ramirez,Ca"]
[Black "Komarov,D"]
[Result "0-1"]
[WhiteElo "2279"]
[BlackElo "2556"]

1.d4 Nf6 2.c4 e6 3.Nc3 Bb4 4.Qc2 O-O 5.a3 Bxc3+ 6.Qxc3 b6 7.Bg5 d6 8.e3 Nbd7
9.Bd3 Ba6 10.Ne2 c5 11.Rc1 h6 12.Bh4 Rc8 13.Qb3 cxd4 14.exd4 d5 15.O-O dxc4
16.Bxc4 Bxc4 17.Rxc4 Rxc4 18.Qxc4 Qa8 19.Rc1 Nd5 20.Bg3 Rd8 21.Qa6 Nb8 22.Qc4 Qb7
23.h3 Nd7 24.Bd6 Nf8 25.Qc6 Qa6 26.Nf4 Nxf4 27.Bxf4 Qe2 28.Qc3 Ng6 29.Be3 Qb5
30.Qc7 Qd7 31.Qg3 Rc8 32.Rxc8+ Qxc8 33.Qd6 Qb7 34.Bf4 Qe4 35.Bg3 Qb1+ 36.Kh2 Qxb2
37.Qb8+ Kh7 38.Qxa7 f5 39.Bc7 Qxf2 40.Qxb6 f4 41.Qc6 Qg3+ 42.Kh1 Qxa3 43.Kh2 Qg3+
44.Kh1 Qe3 45.Bb6 Qe2 46.Bd8 Qd1+  0-1

[Event "2nd Viking GMB"]
[Site "York ENG"]
[Date "2000.12.16"]
[Round "4"]
[White "Summerscale,A"]
[Black "Bakre,T"]
[Result "1-0"]
[WhiteElo "2459"]
[BlackElo "2358"]

1.d4 Nf6 2.c4 e6 3.Nc3 Bb4 4.Qc2 O-O 5.e4 c5 6.a3 Bxc3+ 7.bxc3 Qa5 8.Bd2 d5
9.f3 Qc7 10.e5 Nfd7 11.Bd3 cxd4 12.cxd4 g6 13.cxd5 Qxc2 14.Bxc2 exd5 15.Ne2 Nb6
16.h4 h5 17.Rg1 Nc6 18.g4 hxg4 19.fxg4 Kg7 20.Bg5 Be6 21.Bf6+ Kg8 22.h5 Nd7
23.hxg6 Nxf6 24.exf6 fxg6 25.g5 Kf7 26.Nf4 Bf5 27.Bxf5 gxf5 28.O-O-O Rg8
29.Rd3 Rae8 30.Rh3 Rh8 31.Rgh1  1-0

[Event "ch-ISR"]
[Site "Ramat-Aviv/Modiin ISR"]
[Date "2000.12.19"]
[Round "3"]
[White "Postny,E"]
[Black "Gershon,A"]
[Result "0-1"]
[WhiteElo "2434"]
[BlackElo "2502"]

1.d4 Nf6 2.c4 e6 3.Nc3 Bb4 4.Qc2 O-O 5.a3 Bxc3+ 6.Qxc3 b6 7.Nf3 Bb7 8.e3 d6
9.Be2 Nbd7 10.O-O Ne4 11.Qc2 f5 12.b4 Rf6 13.d5 Rg6 14.Bb2 c5 15.Rfd1 Qe7
16.Bf1 Kh8 17.dxe6 Qxe6 18.Ne1 Ng5 19.Kh1 Rh6 20.Qc3 Qf7 21.f3 Rg8 22.Rd2 Qh5
23.h3 Ne5 24.Qc2 Nexf3 25.Nxf3 Nxf3 26.Be2 Qg4 27.Bxf3 Bxf3 28.gxf3 Qxf3+
29.Rg2 Rxh3+ 30.Kg1 Qxe3+ 31.Qf2 Qh6 32.Qxf5 Rh1+ 33.Kf2 Qd2+ 34.Kg3 Qe3+  0-1

[Event "XIII Carlos Torre Open"]
[Site "Merida MEX"]
[Date "2000.12.21"]
[Round "8"]
[White "Vera,R"]
[Black "Mitkov,N"]
[Result "1/2-1/2"]
[WhiteElo "2584"]
[BlackElo "2532"]

1.d4 Nf6 2.c4 e6 3.Nc3 Bb4 4.Qc2 O-O 5.Nf3 d5 6.cxd5 exd5 7.Bg5 h6 8.Bh4 Be6
9.e3 Nbd7 10.a3 Be7 11.Bd3 c5 12.O-O Rc8 13.Rac1 c4 14.Bf5 Ne8 15.Bg3 Bd6
16.Bxe6 fxe6 17.e4 Bxg3 18.hxg3 Nef6 19.Rfe1 Nb8 20.b3 Qb6 21.b4 Nc6 22.Rcd1 Rfe8
23.exd5 exd5 24.Qf5 Rxe1+ 25.Rxe1 Rd8 26.Qe6+ Kh7 27.Kf1 Qc7 28.b5 Na5 29.Qf5+ Kg8
30.Re6 Qf7 31.Ne5 Qf8 32.Ng6 Qxa3 33.Ne7+ Kh8 34.Ng6+ Kg8 35.Ne7+ Kh8  1/2-1/2

[Event "ch-ISR"]
[Site "Ramat-Aviv/Modiin ISR"]
[Date "2000.12.28"]
[Round "11"]
[White "Kaspi,A"]
[Black "Gershon,A"]
[Result "1/2-1/2"]
[WhiteElo "2488"]
[BlackElo "2502"]

1.d4 Nf6 2.c4 e6 3.Nc3 Bb4 4.Qc2 O-O 5.a3 Bxc3+ 6.Qxc3 b6 7.Bg5 Bb7 8.e3 d6
9.f3 Nbd7 10.Bd3 Rc8 11.Ne2 c5 12.Qd2 h6 13.Bh4 cxd4 14.exd4 Rc7 15.Bg3 e5
16.O-O Re8 17.Rac1 Nh5 18.Bf2 Nf8 19.d5 Qc8 20.g4 Nf6 21.Nc3 Rxc4 22.Bxc4 Qxc4
23.Bh4 Qc5+ 24.Kg2 Nxd5 25.Nxd5 Qxd5 26.Qxd5 Bxd5 27.Rfd1 Ne6 28.Bg3 Nd4
29.Rc3 f5 30.gxf5 Rf8 31.Rxd4 exd4 32.Rd3 Rxf5 33.Bxd6 g5 34.Kg3 Bc6 35.f4 Rd5
36.Be5  1/2-1/2

[Event "Australian Open"]
[Site "Canberra AUS"]
[Date "2001.01.04"]
[Round "7"]
[White "Rogers,I"]
[Black "Kunte,A"]
[Result "1-0"]
[WhiteElo "2558"]
[BlackElo "2556"]

1.d4 Nf6 2.c4 e6 3.Nc3 Bb4 4.Qc2 O-O 5.a3 Bxc3+ 6.Qxc3 b6 7.Bg5 Ba6 8.Qf3 Nc6
9.e3 Na5 10.Rc1 c5 11.d5 Re8 12.Nh3 exd5 13.Bxf6 Qxf6 14.Qxf6 gxf6 15.cxd5 Bxf1
16.Rxf1 Re5 17.Nf4 Nb7 18.Ke2 Nd6 19.g4 Kf8 20.Rg1 Ke7 21.Rg3 Rg8 22.f3 f5
23.gxf5 Rh8 24.e4 Nxf5 25.Rh3 Nd4+ 26.Kf2 Rg5 27.Rh6 d6 28.b4 f6 29.a4 Kf7
30.a5 Kg7 31.Rh3 f5 32.bxc5 bxc5 33.Rb1 fxe4 34.Rb7+ Kf6 35.fxe4 Re8 36.Rhxh7 Ke5
37.Rh4 a6 38.Nd3+ Kf6 39.Rh6+ Rg6 40.e5+ Kg5 41.Rxg6+ Kxg6 42.exd6 c4 43.Nf4+ Kf6
44.d7 Rd8 45.Ne6 Nxe6 46.dxe6 Kxe6 47.h4 Kf6 48.Ke3 Rg8 49.h5 Rg3+ 50.Kd4 Ke7
51.h6  1-0

[Event "Open"]
[Site "Ano Liosia GRE"]
[Date "2001.01.06"]
[Round "9"]
[White "Shipov,S"]
[Black "Nikolaidis,I"]
[Result "1-0"]
[WhiteElo "2640"]
[BlackElo "2512"]

1.d4 Nf6 2.c4 e6 3.Nc3 Bb4 4.Qc2 O-O 5.a3 Bxc3+ 6.Qxc3 b6 7.Bg5 Ba6 8.e3 d6
9.Bd3 Nbd7 10.Ne2 c5 11.Qc2 h6 12.Bh4 cxd4 13.exd4 Rc8 14.Qa4 Nb8 15.O-O d5
16.b3 Qd7 17.Qb4 Ne4 18.Rfd1 Nd6 19.Rac1 Nf5 20.Bxf5 exf5 21.Bg3 Nc6 22.Qa4 Nb8
23.Qb4 Nc6 24.Qa4 Nb8 25.Qxd7 Nxd7 26.Nc3 dxc4 27.Nd5 cxb3 28.Ne7+ Kh7 29.Nxc8 Rxc8
30.Rxc8 Bxc8 31.Rb1 Nf6 32.Rxb3 Nd5 33.Bb8 a6 34.Bc7 b5 35.Ba5 g5 36.Rb1 Kg6
37.Re1 Bd7 38.Rc1 Kf6 39.h4 f4 40.Re1 Kg6 41.Re5 Bc6 42.Bd8 gxh4 43.f3 Bb7
44.Bxh4 a5 45.Be1 a4 46.Re8 Kf5 47.Bd2 f6 48.Kf2 Bc6 49.Rh8 Ke6 50.Rxh6 Bd7
51.Rh1 Bc6 52.Rc1 Bd7 53.Rc5 Kd6 54.Ke2 Ke6 55.Kd3 Kd6 56.Bb4 Ke6 57.Ke4 Be8
58.Kd3 Bd7 59.Kd2 Be8 60.Rc8 Bd7 61.Rd8 Nb6 62.Kd3 Nd5 63.Ke4 f5+ 64.Kd3 Nf6
65.Bd2 Nd5 66.Rh8 Bc6 67.Rh6+ Kd7 68.Rh4 Bb7 69.Rh7+ Kc6 70.Rh6+ Kd7 71.Bb4 Bc6
72.Rd6+ Kc7 73.Re6 Bd7 74.Ba5+ Kb7 75.Rh6 Bc6 76.Rd6 Ne3 77.d5 Nxd5 78.Kd4 Nc7
79.Bxc7 Kxc7 80.Ke5 Bd7 81.Rd4  1-0

[Event "Czech Extra League 2000-1"]
[Site "CZE"]
[Date "2001.01.14"]
[Round "5"]
[White "Cech,P"]
[Black "Orsag,Mil"]
[Result "1/2-1/2"]
[WhiteElo "2330"]
[BlackElo "2385"]

1.d4 Nf6 2.c4 e6 3.Nc3 Bb4 4.Qc2 O-O 5.e4 d6 6.Bd3 e5 7.d5 Ne8 8.Ne2 a5 9.O-O Nd7
10.a3 Bc5 11.Rb1 Qh4 12.b4 Ba7 13.Ng3 Ndf6 14.Be2 axb4 15.axb4 Bg4 16.Qd3 Bxe2
17.Ngxe2 g6 18.Qg3 Qxg3 19.Nxg3 Kg7  1/2-1/2

[Event "ch-POL Boys U16"]
[Site "Zakopane POL"]
[Date "2001.01.16"]
[Round "1"]
[White "Ciolek,M"]
[Black "Gajewski,G"]
[Result "0-1"]
[WhiteElo "2085"]
[BlackElo "2344"]

1.d4 Nf6 2.c4 e6 3.Nc3 Bb4 4.Qc2 O-O 5.Nf3 d6 6.Bg5 h6 7.Bh4 Nbd7 8.e3 b6
9.Be2 Bb7 10.O-O Bxc3 11.Qxc3 g5 12.Bg3 Ne4 13.Qc2 f5 14.Nd2 Qf6 15.f3 Nxg3
16.hxg3 c5 17.Qc3 Qg7 18.b4 cxb4 19.Qxb4 Rad8 20.a4 f4 21.gxf4 gxf4 22.Ne4 fxe3
23.Nxd6 Ba8 24.Rad1 Nf6 25.a5 Nh5 26.Rfe1 Qg3 27.Ne4 Bxe4 28.fxe4 Qf2+ 29.Kh2 Rf4  0-1

[Event "Elbow Beach Club GMA"]
[Site "Paget Parish BER"]
[Date "2001.01.22"]
[Round "3"]
[White "Gershon,A"]
[Black "Stefansson,H"]
[Result "1/2-1/2"]
[WhiteElo "2540"]
[BlackElo "2570"]

1.d4 Nf6 2.c4 e6 3.Nc3 Bb4 4.Qc2 O-O 5.a3 Bxc3+ 6.Qxc3 b6 7.Bg5 Ba6 8.e3 d6
9.Bd3 Nbd7 10.Ne2 c5 11.b4 cxd4 12.exd4 Rc8 13.Qb3 e5 14.Rc1 h6 15.Bh4 e4
16.Bb1 d5 17.b5 Bb7 18.O-O dxc4 19.Rxc4 Bd5 20.Rxc8 Qxc8 21.Qb2 Bb7 22.Ng3 Qe8
23.Nf5 Qe6 24.Ne3 Rc8 25.Ba2 Nd5 26.Rc1 Rxc1+ 27.Qxc1 Nf8 28.Qc4 Nf4 29.Bg3 g5
30.h4 Qxc4 31.Bxc4 N8g6 32.Nf5 gxh4 33.Ne7+ Nxe7 34.Bxf4 Bd5 35.Be2 Nf5 36.Bb8 Nxd4
37.Bf1 h3 38.gxh3 Nf3+ 39.Kg2 Nd2 40.Be2 e3+ 41.Kg1 Bc4 42.Bxc4 Nxc4  1/2-1/2

[Event "Corus Reserve Gp"]
[Site "Wijk aan Zee NED"]
[Date "2001.01.22"]
[Round "6"]
[White "Maksimenko,A"]
[Black "Cmilyte,V"]
[Result "1/2-1/2"]
[WhiteElo "2498"]
[BlackElo "2433"]

1.d4 Nf6 2.c4 e6 3.Nc3 Bb4 4.Qc2 O-O 5.a3 Bxc3+ 6.Qxc3 b6 7.Nf3 d6 8.Bg5 Nbd7
9.Nd2 Bb7 10.f3 c5 11.e4 h6 12.Be3 d5 13.e5 Nxe5 14.dxe5 d4 15.Qb3 dxe3 16.Qxe3 Nd7
17.O-O-O Qc7 18.Re1 Rad8 19.g4 f6 20.exf6 Rxf6 21.h4 Qf4 22.g5 Qxe3 23.Rxe3 hxg5
24.hxg5 Rf4 25.Rxe6 Nf8 26.Re3 Rfd4 27.Rh2 Bc8 28.Re4 Bf5 29.Rxd4 Rxd4 30.b4 Ne6
31.Re2 Nxg5 32.bxc5 bxc5 33.Re8+ Kf7 34.Re5 Rf4 35.Rxc5 Nxf3 36.Nxf3 Rxf3
37.Be2 Rf2 38.Kd1 Kf6 39.Ra5 g5 40.Ke1 Rh2 41.Rxa7 Ke5 42.Re7+ Kd4 43.Bf3 Ra2
44.Re2 Rxa3  1/2-1/2

[Event "17th Open"]
[Site "Geneva SUI"]
[Date "2001.01.24"]
[Round "5"]
[White "Lazarev,V"]
[Black "Arlandi,E"]
[Result "1/2-1/2"]
[WhiteElo "2505"]
[BlackElo "2434"]

1.d4 Nf6 2.c4 e6 3.Nc3 Bb4 4.Qc2 O-O 5.a3 Bxc3+ 6.Qxc3 b6 7.Bg5 Bb7 8.f3 h6
9.Bh4 d5 10.e3 Nbd7 11.cxd5 Nxd5 12.Bxd8 Nxc3 13.Bh4 Nd5 14.Bf2 Rfd8 15.O-O-O c5
16.e4 Ne7 17.Ne2 Rac8 18.Nc3 cxd4 19.Bxd4 Nc5 20.Bxc5 Rxd1+ 21.Kxd1 Rxc5
22.Kd2 Rc8 23.Bd3 Nc6 24.Ke3 Kf8 25.h4 Ne5 26.Be2 Nc4+ 27.Bxc4 Rxc4 28.Rd1  1/2-1/2

[Event "Corus Reserve Gp"]
[Site "Wijk aan Zee NED"]
[Date "2001.01.26"]
[Round "9"]
[White "Cmilyte,V"]
[Black "Yu Shaoteng"]
[Result "1/2-1/2"]
[WhiteElo "2433"]
[BlackElo "2493"]

1.d4 Nf6 2.c4 e6 3.Nc3 Bb4 4.Qc2 O-O 5.a3 Bxc3+ 6.Qxc3 b6 7.Bg5 Ba6 8.e3 d6
9.Bd3 Nbd7 10.Nf3 c5 11.O-O h6 12.Bh4 Rc8 13.d5 exd5 14.cxd5 Bxd3 15.Qxd3 Qe7
16.Nd2 Rfe8 17.b3 g6 18.Rad1 Ne5 19.Qe2 g5 20.Bg3 Ng6 21.Qd3 Rcd8 22.Qf5 Ne4
23.Nxe4 Qxe4 24.Qxe4 Rxe4 25.Rfe1 f5 26.f3 Re7 27.e4 f4 28.Bf2 Ne5 29.Re2 Kf7
30.Be1 Rg8 31.Bc3 h5 32.Rf2 Kg6 33.a4 a5 34.Kf1 Rf8 35.Ke2 Rb8 36.Ra1 Kf6
37.g3 fxg3 38.hxg3 Kg6 39.Bxe5 Rxe5 40.Kd3 b5 41.axb5 Rxb5 42.Kc4 Rb4+ 43.Kc3 g4
44.Rxa5 gxf3 45.Ra6 Rbxe4 46.Rxd6+ Kg5 47.Rxf3 Rd4 48.Rd3 Ree4 49.Rd8 Rxd3+
50.Kxd3 Rd4+ 51.Kc3 Kf5 52.d6 Ke6 53.Rc8 Rg4 54.Rxc5 Kxd6 55.Rxh5 Rxg3+ 56.Kc4 Kc6  1/2-1/2

[Event "Open"]
[Site "Ubeda ESP"]
[Date "2001.01.27"]
[Round "7"]
[White "Golod,V"]
[Black "Pilgaard,K"]
[Result "1/2-1/2"]
[WhiteElo "2591"]
[BlackElo "2413"]

1.d4 Nf6 2.c4 e6 3.Nc3 Bb4 4.Qc2 O-O 5.a3 Bxc3+ 6.Qxc3 b6 7.Bg5 Bb7 8.f3 h6
9.Bh4 d5 10.e3 Nbd7 11.cxd5 Nxd5 12.Bxd8 Nxc3 13.Bh4 Nd5 14.Bf2 c5 15.Bb5 Rfd8
16.e4 Nc7 17.Bxd7 Rxd7 18.dxc5 f5 19.e5 bxc5 20.Rc1 Nd5 21.Nh3 g5 22.Bxc5 g4
23.fxg4 fxg4 24.Nf2 Nf4 25.Rg1 Rc8 26.g3 Nd3+ 27.Nxd3 Rxd3 28.Rf1 Bf3 29.Rc2 h5
30.Kf2 Be4 31.Rcc1 Rb8 32.b4 Rxa3 33.Ra1 Rf3+ 34.Ke1 Rxf1+ 35.Kxf1 a6 36.Ke2 Bb7
37.Ke3 Rd8 38.Bd6 Kf7 39.Kd4 Ra8 40.Kc5 Bf3 41.Kb6 Be2 42.Ra2 Bc4 43.Rc2 Bd5
44.Rf2+ Kg7 45.Bc5 Bc4 46.Rf4 Bd5 47.Bd6 Bg2 48.Ka5 Bd5 49.Bc5 Bg2 50.Bd6 Bd5
51.Rf2 Be4  1/2-1/2

[Event "Open"]
[Site "Ubeda ESP"]
[Date "2001.01.28"]
[Round "8"]
[White "Vera,R"]
[Black "Maherramzade,J"]
[Result "0-1"]
[WhiteElo "2562"]
[BlackElo "2459"]

1.d4 Nf6 2.c4 e6 3.Nc3 Bb4 4.Qc2 O-O 5.a3 Bxc3+ 6.Qxc3 b6 7.Bg5 d6 8.e3 Nbd7
9.f3 c5 10.dxc5 bxc5 11.Nh3 Rb8 12.Be2 h6 13.Bf4 Qb6 14.O-O-O e5 15.Bg3 Ba6
16.Rd2 d5 17.cxd5 Bxe2 18.Rxe2 Nxd5 19.Qd3 Qe6 20.Rd1 N7b6 21.Qe4 Rfe8 22.Be1 c4
23.Nf2 c3 24.b3 a5 25.g4 Rec8 26.h4 a4 27.b4 Nf6 28.Qc2 Qb3 29.Qxb3 axb3
30.Rd3 Na4 31.e4 Rc4 32.Nd1 Rbc8 33.Ree3 b2+ 34.Kc2 b1=Q+ 35.Kxb1 c2+ 36.Ka1  0-1

[Event "FSIMB February"]
[Site "Budapest HUN"]
[Date "2001.02.03"]
[Round "1"]
[White "Jakab,A"]
[Black "Eperjesi,L"]
[Result "1-0"]
[WhiteElo "2308"]
[BlackElo "2313"]

1.d4 Nf6 2.c4 e6 3.Nc3 Bb4 4.Qc2 O-O 5.a3 Bxc3+ 6.Qxc3 d6 7.Nf3 Nbd7 8.g3 b6
9.Bg2 Bb7 10.O-O Ne4 11.Qc2 f5 12.Ng5 Nxg5 13.Bxb7 Rb8 14.Bc6 h6 15.Qa4 Nf6
16.Qxa7 e5 17.Bxg5 hxg5 18.dxe5 dxe5 19.Qa4 Qd2 20.Qb5 Qxe2 21.Rae1 Qh5 22.Qxe5 Ng4
23.Qd5+ Kh8 24.Qg2 Rbd8 25.f3 Nf6 26.Re6 Rd4 27.Qe2 Rfd8 28.Bd5 b5 29.b3 Ng8
30.a4 bxc4 31.bxc4 Nf6 32.Rxf6 gxf6 33.Qe7 R8xd5 34.Qxf6+ Kg8 35.cxd5 Rd3
36.h4 gxh4 37.Rb1 Kh7 38.Re1  1-0

[Event "FSGM February"]
[Site "Budapest HUN"]
[Date "2001.02.05"]
[Round "2"]
[White "Hoang Thanh Trang"]
[Black "Kallio,H"]
[Result "0-1"]
[WhiteElo "2465"]
[BlackElo "2431"]

1.d4 Nf6 2.c4 e6 3.Nc3 Bb4 4.Qc2 O-O 5.a3 Bxc3+ 6.Qxc3 b6 7.Bg5 Ba6 8.Nf3 h6
9.Bh4 g5 10.Bg3 Ne4 11.Qc2 f5 12.e3 d6 13.Bd3 Bb7 14.O-O-O Nd7 15.Ne1 Qf6
16.f3 Nxg3 17.hxg3 Kg7 18.Qd2 b5 19.cxb5 a6 20.Kb1 axb5 21.Rc1 c6 22.Nc2 Nb6
23.e4 Ra4 24.Qc3 Rc8 25.Rhe1 c5 26.Bxb5 cxd4 27.Qd3 fxe4 28.fxe4 e5 29.Bxa4 Nxa4
30.Nb4 Nc5 31.Qb5 Qf7 32.Qb6 Qd7 33.Nd5 Bxd5 34.exd5 d3 35.Qb4 Rc7 36.Red1 Rb7
37.Qc4 Qf5 38.b4 e4 39.Qd4+ Qf6 40.Qxf6+ Kxf6 41.Ka2 Nd7 42.Kb3 Ke5 43.a4 Kxd5
44.a5 Nc5+ 45.Kc3 Na6 46.Rb1 Nc7 47.Ra1 Nb5+ 48.Kb3 Nd4+ 49.Ka4 Kc4 50.Rdc1+ Nc2
51.Rab1 Kc3 52.a6 Ra7 53.b5 d2 54.Rd1 Nd4 55.Ka5 e3 56.b6 Re7 57.b7 e2 58.Kb6 e1=Q
59.b8=Q Qe3 60.a7 Nc6+ 61.Kb5 Qc5+  0-1

[Event "12th Goodricke Open"]
[Site "Calcutta IND"]
[Date "2001.02.06"]
[Round "1"]
[White "Gupta,A"]
[Black "Shetty,R"]
[Result "0-1"]
[WhiteElo "2130"]
[BlackElo "2331"]

1.d4 Nf6 2.c4 e6 3.Nc3 Bb4 4.Qc2 O-O 5.Nf3 b6 6.e4 d5 7.e5 Ne4 8.Bd3 Bb7
9.cxd5 exd5 10.O-O Bxc3 11.bxc3 c5 12.Ba3 Re8 13.dxc5 Nd7 14.Rfd1 Qc8 15.Bb5 Bc6
16.c4 Nxe5 17.Nxe5 Rxe5 18.Bxc6 Qxc6 19.cxd5 Rxd5 20.Rxd5 Qxd5 21.c6 Nc5
22.Bxc5 Qxc6 23.Re1 bxc5 24.h4 h6 25.Re3 Rd8 26.Re4 Qd5 27.Kh2 a5 28.Qe2 g6
29.Re5 Qd4 30.h5 g5 31.g3 Rd5 32.Re4 Qd2 33.Qf3 Qd3 34.Re3 Qf5 35.Qe2 Kg7
36.Rf3 Qe5 37.Re3 Qd4 38.Re7 Qf6 39.Re3 c4 40.Rf3 Rf5 41.Rxf5 Qxf5 42.Qxc4 Qxf2+
43.Kh3 Qf3 44.Qd4+ Kh7 45.Qc5 a4 46.Qc8 a3 47.Qc7 Qh1+ 48.Kg4 Qd5 49.Kh3 Qe6+  0-1

[Event "FSGM February"]
[Site "Budapest HUN"]
[Date "2001.02.12"]
[Round "9"]
[White "Kallio,H"]
[Black "Medvegy,Z"]
[Result "1/2-1/2"]
[WhiteElo "2431"]
[BlackElo "2444"]

1.d4 Nf6 2.c4 e6 3.Nc3 Bb4 4.Qc2 O-O 5.a3 Bxc3+ 6.Qxc3 b6 7.Bg5 Ba6 8.Qf3 Nc6
9.e3 Bb7 10.O-O-O h6 11.Bxf6 Qxf6 12.Qxf6 gxf6 13.Kc2 Ne7 14.Ne2 Be4+ 15.Kc3 b5
16.Ng3 Bg6 17.cxb5 c6 18.bxc6 Rab8 19.b4 Rfc8 20.Kb2 Rxc6 21.Rd2 a5 22.b5 Nd5
23.a4 Rc7 24.Be2 Nb6 25.Ra1 Rbc8 26.e4 Kf8 27.f3 d5 28.Bd3 Nc4+ 29.Bxc4 Rxc4
30.Ra3 Ke7 31.Rb3 Rxa4 32.Rc2 Rxc2+ 33.Kxc2 dxe4 34.Kc3 exf3 35.gxf3 Kd7
36.b6 Kc8 37.b7+ Kb8 38.Nf1 Ra1 39.Ne3 a4 40.Rb4 a3 41.Ng4 a2 42.Ra4 Kxb7
43.Kb2 Rf1 44.Kxa2 h5 45.Rb4+ Kc6 46.Nxf6 Rxf3 47.Ng8 Rf2+ 48.Rb2 Rxb2+ 49.Kxb2 Kd5
50.Kc3 Ke4 51.Nf6+ Kf5 52.Nd7 h4 53.Nc5 Kf4 54.Kd2 Kf3 55.Nd7 Ke4 56.Kc3 Ke3
57.Nf6 Bb1 58.d5 exd5 59.Nxd5+ Kf3 60.Kd2 f5 61.Ke1 Bd3 62.Nb4 Bc4 63.Nc6 Ke3
64.Ne5 Be6 65.Ng6 h3 66.Nh4 f4 67.Ng6 f3 68.Ne5 f2+ 69.Kf1 Bf5 70.Ng4+ Bxg4  1/2-1/2

[Event "FSGM February"]
[Site "Budapest HUN"]
[Date "2001.02.14"]
[Round "11"]
[White "Hoang Thanh Trang"]
[Black "Medvegy,Z"]
[Result "1/2-1/2"]
[WhiteElo "2465"]
[BlackElo "2444"]

1.d4 Nf6 2.c4 e6 3.Nc3 Bb4 4.Qc2 O-O 5.a3 Bxc3+ 6.Qxc3 b6 7.Bg5 Ba6 8.Nf3 d6
9.e3 Nbd7 10.Bd3 h6 11.Bh4 c5 12.O-O Rc8 13.d5 exd5 14.cxd5 Bxd3 15.Qxd3 Qc7
16.Rfe1 Rfe8 17.Rac1 c4 18.Qd4 b5 19.e4 a6 20.Nd2 Ng4 21.Rc3 Qb6 22.Qxb6 Nxb6
23.f4 f5 24.b3 cxb3 25.Rxb3 Nc4 26.Nxc4 Rxc4 27.h3 Nf6 28.exf5 Rxe1+ 29.Bxe1 Rxf4
30.Rc3 Rxf5 31.Rc6 Rxd5 32.Rxa6 Ne4 33.Ra7 Kh7 34.Kf1 Kg6 35.Bb4 Kf6 36.Ke2 g5
37.Ke3 Nc5 38.Ra8 Rd3+ 39.Ke2 Rd5 40.Bc3+ Kg6 41.Rg8+ Kf5 42.Rf8+ Ke4 43.Rh8 Rd3
44.Bb4 Rb3 45.Rxh6 Rb2+ 46.Kf1 Ke3 47.Kg1 Ne4 48.Bxd6 Nxd6 49.Rxd6 Rb3 50.Rd5 Kf4
51.Kh2 Rxa3 52.Rxb5 Ra2 53.Rb3 Kf5 54.Kg3 Ra4 55.Kf3 Rf4+ 56.Ke3 Ra4 57.Rb5+ Kg6
58.Rb6+ Kf5 59.Rb5+ Kg6 60.Rd5 Rb4 61.Rd4 Rxd4 62.Kxd4 g4 63.h4 g3 64.Ke4 Kh5
65.Kf4 Kxh4 66.Kf3 Kh5 67.Kxg3 Kg5  1/2-1/2

[Event "FSGM February"]
[Site "Budapest HUN"]
[Date "2001.02.16"]
[Round "13"]
[White "Hoang Thanh Trang"]
[Black "Csom,I"]
[Result "1/2-1/2"]
[WhiteElo "2465"]
[BlackElo "2431"]

1.d4 Nf6 2.c4 e6 3.Nc3 Bb4 4.Qc2 O-O 5.a3 Bxc3+ 6.Qxc3 b6 7.Bg5 Ba6 8.Qf3 Nc6
9.e3 h6 10.Bxf6 Qxf6 11.Qxf6 gxf6 12.Nf3 Ne7  1/2-1/2

[Event "Open"]
[Site "Cappelle la Grande FRA"]
[Date "2001.03.02"]
[Round "8"]
[White "Savchenko,S"]
[Black "Sulskis,S"]
[Result "1/2-1/2"]
[WhiteElo "2519"]
[BlackElo "2501"]

1.d4 Nf6 2.c4 e6 3.Nc3 Bb4 4.Qc2 O-O 5.a3 Bxc3+ 6.Qxc3 b6 7.Bg5 Bb7 8.f3 h6
9.Bh4 d5 10.e3 Nbd7 11.cxd5 Nxd5 12.Bxd8 Nxc3 13.Bh4 Nd5 14.Bf2 c5 15.Bb5 N5f6
16.Ne2 a6 17.Ba4 b5 18.Bc2 Rfc8 19.dxc5 Nb8  1/2-1/2

[Event "FSIMB March"]
[Site "Budapest HUN"]
[Date "2001.03.06"]
[Round "3"]
[White "Gladyszev,O"]
[Black "Balogh,C"]
[Result "1/2-1/2"]
[WhiteElo "2345"]
[BlackElo "2340"]

1.d4 Nf6 2.c4 e6 3.Nc3 Bb4 4.Qc2 O-O 5.a3 Bxc3+ 6.Qxc3 b6 7.Bg5 Ba6 8.Qf3 Nc6
9.e3 h6 10.h4 Re8 11.Bxf6 Qxf6 12.Qxf6 gxf6 13.Rc1 Bb7 14.Bd3 a5 15.Ne2 a4
16.Nc3 Ra5 17.Ne4 Kg7 18.Rh3 Ne7 19.Rg3+ Ng6 20.c5 Bxe4 21.Bxe4 f5 22.Bd3 Kf6
23.cxb6 cxb6 24.Rc7 d5 25.Rb7 Rc8 26.h5 Ne7 27.Rxb6 Raa8 28.Kd2 Nc6 29.b4 axb3
30.Rxb3 Na5 31.Rc3 Rcb8 32.Kc2 Rb6 33.a4 Nb7 34.Rb3 Rc6+ 35.Kb2 Nd6 36.Rb4 Ne4
37.Bxe4 dxe4 38.f3 Rac8 39.fxe4 Rc2+ 40.Ka3 fxe4 41.Rb2 R2c3+ 42.Ka2 R3c4
43.Ka3 Rc3+ 44.Rb3 Rc1 45.Rg4 Ra1+ 46.Kb2 Rxa4 47.Rxe4 Ra5 48.Rf4+ Rf5 49.g4 Rxf4
50.exf4 Rd8 51.Rd3 Rb8+ 52.Kc2 Ra8 53.Kd2 Ra1 54.Rg3 Ra2+ 55.Ke3 Ra3+ 56.Kf2 Ra2+
57.Kf3 Ra3+ 58.Kg2 Ra2+ 59.Kh3 Rd2 60.g5+ Kg7  1/2-1/2

[Event "FSIMB March"]
[Site "Budapest HUN"]
[Date "2001.03.08"]
[Round "5"]
[White "Jakab,A"]
[Black "Kaposztas,M"]
[Result "1/2-1/2"]
[WhiteElo "2308"]
[BlackElo "2265"]

1.d4 Nf6 2.c4 e6 3.Nc3 Bb4 4.Qc2 O-O 5.a3 Bxc3+ 6.Qxc3 b6 7.Nf3 Ba6 8.e3 d5
9.Bd3 dxc4 10.Bxc4 Ne4 11.Qc2 Bxc4 12.Qxc4 c5 13.O-O cxd4 14.Nxd4 Qc8 15.Qxc8 Rxc8  1/2-1/2

[Event "Open"]
[Site "Bad Woerishofen GER"]
[Date "2001.03.20"]
[Round "6"]
[White "Horvath,P1"]
[Black "Epishin,V"]
[Result "1-0"]
[WhiteElo "2396"]
[BlackElo "2578"]

1.d4 Nf6 2.c4 e6 3.Nc3 Bb4 4.Qc2 O-O 5.e4 d6 6.a3 Bxc3+ 7.bxc3 Nbd7 8.Bd3 c5
9.Ne2 Qc7 10.Rb1 Rb8 11.Ng3 cxd4 12.cxd4 e5 13.O-O Re8 14.f4 exd4 15.Bb2 Qc5
16.Qf2 Ng4 17.Qxd4 Qxd4+ 18.Bxd4 Nc5 19.Bxc5 dxc5 20.h3 Rd8 21.Be2 Nh6 22.Rfd1 Re8
23.Rd5 b6 24.Rxc5 Bb7 25.Rc7 Bxe4 26.Nxe4 Rxe4 27.Bf3 Rxf4 28.c5 Ra4 29.c6 Rf8
30.Rc1 Nf5 31.Rd7 Rd4 32.Rxd4 Nxd4 33.c7  1-0

[Event "Open"]
[Site "Bad Woerishofen GER"]
[Date "2001.03.21"]
[Round "7"]
[White "Levin,F"]
[Black "Farago,I"]
[Result "1/2-1/2"]
[WhiteElo "2531"]
[BlackElo "2453"]

1.d4 Nf6 2.c4 e6 3.Nc3 Bb4 4.Qc2 O-O 5.e4 d5 6.e5 Ne4 7.a3 Bxc3+ 8.bxc3 c5
9.Bb2 cxd4 10.cxd4 Nc6 11.Bd3 f5 12.exf6 Qa5+ 13.Ke2 Nxf6 14.c5 Bd7 15.Nf3 Be8
16.Ng5 Bh5+ 17.f3 h6 18.Nh7 Nxh7 19.Bxh7+ Kh8 20.Kf2  1/2-1/2

[Event "54th ch-YUG Women"]
[Site "Herceg Novi YUG"]
[Date "2001.03.26"]
[Round "4"]
[White "Benderac,A"]
[Black "Prudnikova,S"]
[Result "1/2-1/2"]
[WhiteElo "2246"]
[BlackElo "2422"]

1.d4 Nf6 2.c4 e6 3.Nc3 Bb4 4.Qc2 O-O 5.a3 Bxc3+ 6.Qxc3 b6 7.Nf3 Ne4 8.Qc2 f5
9.e3 Bb7 10.Bd3 d6 11.O-O Nd7 12.Nd2 Qh4 13.f3 Ng5 14.f4 Qg4 15.d5 e5 16.fxg5 e4
17.h3 Qh5 18.Nxe4 fxe4 19.Rxf8+ Rxf8 20.Bxe4 Ne5 21.Bf5 Qxg5 22.Bxh7+ Kh8
23.Be4 Qh4 24.Bd2 Qf2+ 25.Kh1 Ng4 26.hxg4 Qh4+ 27.Kg1 Qf2+  1/2-1/2

[Event "56th ch-YUG"]
[Site "Herceg Novi YUG"]
[Date "2001.03.26"]
[Round "4"]
[White "Djukic,Ni"]
[Black "Pikula,D"]
[Result "0-1"]
[WhiteElo "2389"]
[BlackElo "2513"]

1.d4 Nf6 2.c4 e6 3.Nc3 Bb4 4.Qc2 O-O 5.a3 Bxc3+ 6.Qxc3 h6 7.e3 b6 8.Nf3 Bb7
9.Be2 d6 10.b4 Nbd7 11.Bb2 Ne4 12.Qc2 f5 13.O-O Ng5 14.Nd2 Nh3+ 15.Kh1 Qh4
16.f3 Ng5 17.c5 Bd5 18.cxd6 cxd6 19.Qc7 Nf6 20.Qxd6 Nh5 21.Kg1 Rfd8 22.Qc7 Rdc8
23.Qd7 Rc2 24.Bc1 Rac8 25.Qxa7 R2c3 26.Qa6 Ra8 27.Qb5 Rxe3 28.Ne4 Rxe2 29.Qxe2 fxe4
30.f4 Nh7 31.a4 N5f6 32.Qb5 Rc8 33.Qxb6 Rc2 34.Qd8+ Nf8 35.Be3 Qh5 36.Rae1 Qg6
37.Bf2 e3  0-1

[Event "FSGM April"]
[Site "Budapest HUN"]
[Date "2001.04.07"]
[Round "1"]
[White "Hoang Thanh Trang"]
[Black "Anka,E"]
[Result "1-0"]
[WhiteElo "2465"]
[BlackElo "2425"]

1.d4 Nf6 2.c4 e6 3.Nc3 Bb4 4.Qc2 O-O 5.e4 d5 6.e5 Ne4 7.a3 Bxc3+ 8.bxc3 c5
9.Bb2 cxd4 10.cxd4 Qa5+ 11.Ke2 f6 12.f3 Ng5 13.h4 Nf7 14.exf6 gxf6 15.Kf2 Nd6
16.c5 Ne8 17.Bd3 Rf7 18.Ne2 Nc6 19.h5 Qd8 20.Rae1 Nc7 21.Rh3 Bd7 22.Rg3+ Kh8
23.Nf4 f5 24.Ng6+ Kg8 25.Ne7+ Kh8 26.Rg8+ Qxg8 27.Nxg8 Rxg8 28.Bc1 Ne8 29.Qb2 Bc8
30.Bb5 Rfg7 31.Rg1 Nf6 32.Bxc6 bxc6 33.Bf4 Rb7 34.Qd2 Nd7 35.Re1 Re8 36.Bd6 Rb3
37.Qh6 Rb2+ 38.Kg1 Rg8 39.g3 Rg7 40.Rxe6 Rb1+ 41.Kh2 Rb2+ 42.Kh3  1-0